书目信息 |
| 题名: |
关心与共享:名人谈环境
|
|
| 作者: | 叶子 , 王简 编著 | |
| 分册: | ||
| 出版信息: | 北京 中国环境科学出版社 1997.09 |
|
| 页数: | 152页 | |
| 开本: | 32开 | |
| 丛书名: | ||
| 单 册: | ||
| 中图分类: | X-49 | |
| 科图分类: | ||
| 主题词: | 环境科学 , 劳动? | |
| 电子资源: | ||
| ISBN: | 7-80093-564-7 | |
| 000 | 00628nam0 2200217 45 | |
| 001 | 0007191687 | |
| 005 | 20001011100236.8 | |
| 010 | @a7-80093-564-7@d6.70元 | |
| 100 | @a20000719d1997 km y0chiy0120 ea | |
| 101 | 0 | @achi |
| 105 | @a z 000yy | |
| 200 | 1 | @a关心与共享:名人谈环境@AGuan Xin Yu Gong Xiang:MingRen Tan Huan Jing@f叶子,王简编著@FYe Zi,Wang Jian Bian Zhu |
| 210 | @a北京@c中国环境科学出版社@d1997.09 | |
| 215 | @a152页@d32开 | |
| 606 | 0 | @a环境科学 |
| 606 | 0 | @a劳动? |
| 690 | @aX-49@v3 | |
| 701 | 0 | @a叶子@4编著 |
| 701 | 0 | @a王简@4编著 |
| 801 | @aCN@bPftUser@c20000719 | |
| 905 | @dX-49@eY.336@b175203-205@f3 | |
| 关心与共享:名人谈环境/叶子,王简编著.-北京:中国环境科学出版社,1997.09 |
| 152页;32开 |
| ISBN 7-80093-564-7:6.70元 |
| ● |
| 相关链接 |
|
|
|
正题名:关心与共享:名人谈环境
索取号:X-49/Y.336
 
预约/预借
| 序号 | 登录号 | 条形码 | 馆藏地/架位号 | 状态 | 备注 |
| 1 | 175203 | 201752031 | 自科库501/501自科库 61排4列3层/ [索取号:X-49/Y.336] | 在馆 | |
| 2 | 175204 | 201752040 | 自科库501/501自科库 61排4列3层/ [索取号:X-49/Y.336] | 在馆 | |
| 3 | 175205 | 201752059 | 期刊室512/501自科库 61排4列3层/ [索取号:X-49/Y.336] | 在馆 |